Wojownicy postacie - nagła śmierć - Statystyki

Ogólne statystyki
  • Ten quiz został rozwiązany 227 razy
    92 od ostatniego zresetowania
  • Średni wynik to 4 z 22
Answers on the Grid
Answers color-coded by a green-red scale on the quiz's grid according to % correct below.
Płomienny Pazur
Żółty Kieł
Mroźny Świt
Różana Skóra
Złote Serce
Żwirowy Połysk
Wietrzna Gwiazda
Rosochata Gałązka
Czarny Strumień
Cienisty Wzrok
Dębowa Skóra
Cicha Łapa
Bluszczowa Sadzawka
Jagodowe Serce
Rudy Ogon
Lamparcie Futro
Obłoczne Serce
Słoneczny Promień
Śniegowy Pazur
Bicz
Jagodowe Futro
Księżycowa Łapa
Lot Ćmy
Wodna Skóra
Bukowa Gwiazda
Janowcowa Łapa
Wysoki Szelest
Krucza Łapa
Rudy Pysk
Gnat
Biały Pazur
Wrzosowa Pręga
Tygrysia Gwiazda
Biały Puch
Głaz
Krzywy Ogon
Niska Gwiazda
Nakrapiany Liść
Sójcze Pióro
Brązowy Pazur
 
Statystyki odpowiedzi
Odpowiedź % Poprawnych
Żółty Kieł
76%
Rudy Ogon
38%
Bicz
31%
Cienisty Wzrok
21%
Gnat
21%
Jagodowe Serce
21%
Krucza Łapa
21%
Księżycowa Łapa
21%
Nakrapiany Liść
21%
Tygrysia Gwiazda
21%
Wietrzna Gwiazda
21%
Rosochata Gałązka
17%
Żwirowy Połysk
17%
Biały Pazur
10%
Bluszczowa Sadzawka
10%
Głaz
10%
Lamparcie Futro
10%
Mroźny Świt
10%
Słoneczny Promień
10%
Sójcze Pióro
10%
Janowcowa Łapa
7%
Lot Ćmy
3%
Nie znaleziono quizów pasujących do podanych kryteriów
Rozkład punktacji
Procent ludzi z każdym wynikiem
Percentyl według liczby udzielonych odpowiedzi
Twoja historia wyników
Nie rozwiązałeś tego quizu od ostatniego zresetowania